banner koha

Quick test for detecting glyphosate-resistant ryegrass seeds (Registro n. 9421)

MARC details
000 -LÍDER
fixed length control field 04633nab a2200313 i 4500
003 - CÓDIGO MARC DA AGÊNCIA CATALOGADORA
Campo de controle BR-BrBNA
005 - DATA E HORA DA ÚLTIMA ATUALIZAÇÃO
Campo de controle 20230918140038.0
008 - CAMPO DE TAMANHO FIXO
fixed length control field 230620b2019 bl.ar|pooa||| 00| 0 eng |
040 ## - FONTE DA CATALOGAÇÃO
Agência catalogadora BR-BrBNA
Idioma da catalogação eng
072 ## - CATEGORIA AGRIS
Código AGRIS H60
-- F03
100 ## - ENTRADA PRINCIPAL - NOME PESSOAL
Nome pessoal Schmitz, M.F.
100 ## - ENTRADA PRINCIPAL - NOME PESSOAL
Nome pessoal Zandoná, R.R.
100 ## - ENTRADA PRINCIPAL - NOME PESSOAL
Nome pessoal Vargas, A.A.M.
100 ## - ENTRADA PRINCIPAL - NOME PESSOAL
Nome pessoal Garcia, J.R.
100 ## - ENTRADA PRINCIPAL - NOME PESSOAL
Nome pessoal Tunes, L.V.M.
100 ## - ENTRADA PRINCIPAL - NOME PESSOAL
Nome pessoal Agostinetto, D.
245 ## - TÍTULO PRINCIPAL
Título principal Quick test for detecting glyphosate-resistant ryegrass seeds
500 ## - NOTA GERAL
Nota geral Publicação on-line; 22 ref.; 3 tables; 8 illus.; Summaries (En, Pt)
942 ## - ADDED ENTRY ELEMENTS (KOHA)
Koha item type
520 ## - NOTA DE RESUMO
Nota de conteúdo <br/><br/>ABSTRACT - The commercialization of ryegrass seeds with the presence of resistant<br/>biotypes is a serious issue that increses the dispersion of resistance to new areas<br/>without this problem. Therefore, this study aimed to develop a quick test to detect<br/>susceptible and resistant seeds to the glyphosate herbicide in order to identify<br/>contaminated seed lots with glyphosate resistance. Three experiments were carried<br/>out, one in greenhouse and the other two in the seed laboratory. First, the resistance<br/>factor (RF) was determined by a dose-response curve experiment in biotypes<br/>suspected to be resistant and susceptible to glyphosate. Then, the germination test<br/>was conducted with the selected biotypes under increasing glyphosate rates (0, 3.5,<br/>6.9, 13.9, 27.8, 55.5, 111, 222, 445, 890, and 1,780 mg a.e. L-1), as the second experiment.<br/>The third experiment was made to verify the methodological efficiency of the<br/>germination test with glyphosate to identify different contamination ratios (0, 4, 12,<br/>36, and 100%) of the resistant biotype in the seed lot. The different levels of<br/>susceptibility of the biotypes to glyphosate were confirmed by the RF of 154.7 based<br/>on C50. Germination of the susceptible biotype was inhibited more than 99% by the<br/>rate of 127 mg a.e. L-1, while the resistant biotype was a little affected. The germination<br/>test with 127 mg a.e. L-1 of glyphosate showed contaminations of 2, 5, 19, 39, and<br/>86% in lots with 0, 4, 12, 36, and 100% of contaminated seeds, respectively. This<br/>methodology can detect glyphosate susceptible and resistant seeds and identify<br/>contaminated seed lots with resistant glyphosate biotypes.<br/><br/>Keywords: Lolium multiflorum, germination, herbicide, methodology.
520 ## - NOTA DE RESUMO
Nota de conteúdo <br/><br/>RESUMO - A comercialização de sementes de azevém com a presença de biótipos<br/>resistentes promove a dispersão da resistência para áreas isentas do problema.<br/>Diante disso, o objetivo deste trabalho foi desenvolver teste rápido para<br/>diferenciação de sementes suscetíveis e resistentes ao herbicida glifosato, visando<br/>identificar lotes contaminados com sementes de biótipos resistentes. Foram<br/>realizados três experimentos, sendo um em casa de vegetação e dois em laboratório.<br/>No primeiro, determinou-se o fator de resistência (FR) em experimento de curva<br/>dose-resposta em biótipos com suspeita de serem resistente e suscetível. No segundo,<br/>realizou-se teste de germinação dos biótipos, sob doses crescentes de glifosato (0;<br/>3,5; 6,9; 13,9; 27,8; 55,5; 111; 222; 445; 890; e 1.780 mg e.a. L-1. No terceiro,<br/>avaliou-se a eficiência da metodologia do teste de germinação com glifosato para<br/>identificação de diferentes proporções de contaminação (0, 4, 12, 36 e 100%) do<br/>biótipo resistente no lote de sementes. A suspeita dos biótipos foi comprovada em<br/>razão dos diferentes níveis de suscetibilidade ao herbicida glifosato, sendo o FR<br/>de 154,7 com base na C50. A dose de 127 mg e.a. L-1 inibiu em mais de 99% a<br/>germinação do biótipo suscetível, enquanto o biótipo resistente foi pouco afetado.<br/>A partir do teste de germinação, identificou-se contaminação de 2, 5, 19, 39 e 86%<br/>em lotes com a presença de 0, 4, 12, 36 e 100% de sementes contaminadas, respectivamente, quando<br/>expostas à dose de 127 mg e.a. L-1. A metodologia testada possibilitou diferenciar sementes suscetíveis<br/>e resistentes ao herbicida glifosato e identificar lotes de sementes contaminadas com biótipos resistentes.<br/><br/>Palavras-chave: Lolium multiflorum, germinação, herbicida, metodologia.
650 ## - ASSUNTO - THESAGRO
Cabeçalho tópico ou nome geográfico LOLIUM MULTIFLORUM
650 ## - ASSUNTO - THESAGRO
Cabeçalho tópico ou nome geográfico AZEVÉM
650 ## - ASSUNTO - THESAGRO
Cabeçalho tópico ou nome geográfico GERMINAÇÃO
650 ## - ASSUNTO - THESAGRO
Cabeçalho tópico ou nome geográfico HERBICIDA
773 0# - ENTRADA ANALÍTICA
Host Biblionumber 886
Registro do item 1816
Imprenta Londrina-PR : Sociedade Brasileira da Ciência das Plantas Daninhas, 1978
Outro identificador 2023-031023
Título Planta Daninha (Brazil)
ISSN 0100-8358; 1806-9681 (on-line)
Colação v. 37 p. 1-9; (2019)
Número de controle de registro BR2023000443
856 ## - ACESSO E ENDEREÇO ELETRÔNICO
Identificador uniforme de recurso - URI https://www.scielo.br/j/pd/a/6CF4Bb6Y7g9Sh3h7WSDHmnh/?format=pdf&lang=en

Nenhum exemplar disponível.

BINAGRI

Telefone: (61)3218-2567/2388/3357/2097 - binagri@agro.gov.br

Ministério da Agricultura e Pecuária , Esplanada dos Ministérios, Bloco D, Anexo B, Brasília/DF, CEP: 70.043-900